007130000a220009700045001000021000002450079000213000035001005200446001356500013005817730021005941 aPortela, Solano.10aA legitimidade do governo e da política em Calvino, Kuyper e dooyeweerd. aVol.14, no.2 (2009), p. 95-114 aEn este artículo el autor presenta un resumen del pensamiento de Juan Calvino, Abraham Kuyper y Herman Dooyeweerd sobre el estado de gobierno. Ellos no examinan apenas una legitimidad de la institución, de acuerdo con una comprensión las directrices divinas expuestas por esos tres exponentes de teología reformada, mas como los cristianos pueden estar interesados y envueltos en actividades políticas, como parte de su vocación.14aGOBIERNO0 tFfides Reformata